Strategie news týdeník pro marketing, reklamu a média

Saved in:
Bibliographic Details
Format: Serial
Language:Czech
Published: Praha Strategie 1996
Subjects:
Tags: Add Tag
No Tags, Be the first to tag this record!

MARC

LEADER 00000nas2a2200000 4500
001 s107519
005 20221221071711.3
041 0 |a cze 
044 |a CZ 
245 1 0 |a Strategie news  |b týdeník pro marketing, reklamu a média 
264 1 |a Praha  |b Strategie  |c 1996 
300 |a 1 zv. 
773 0 |w eu_un_cat*s120237 
610 2 0 |a marketing 
610 2 0 |a reklama